Kinesiology of the musculoskeletal system/ (Record no. 10007)
[ view plain ]
| 000 -LEADER | |
|---|---|
| fixed length control field | 02068nam a22002297a 4500 |
| 005 - ΗΜΕΡΟΜΗΝΙΑ ΚΑΙ ΩΡΑ ΤΕΛΕΥΤΑΙΑΣ ΕΝΗΜΕΡΩΣΗΣ | |
| Πεδίο ελέγχου | 20251224155322.0 |
| 006 - FIXED-LENGTH DATA ELEMENTS--ADDITIONAL MATERIAL CHARACTERISTICS | |
| Πεδίο ελέγχου σταθερού μήκους | a|||||r||||||||||| |
| 008 - FIXED-LENGTH DATA ELEMENTS--GENERAL INFORMATION | |
| Πεδίο ελέγχου σταθερού μήκους | s2025 moua b 001 0 eng d |
| 020 ## - ISBN | |
| ISBN | 9780323718592 |
| 040 ## - ΠΗΓΗ ΚΑΤΑΛΟΓΟΓΡΑΦΗΣΗΣ | |
| Φορέας πρωτότυπης καταλογογράφησης | MC Athens Campus Library |
| Modifying agency | MC Athens Campus Library |
| Γλώσσα καταλογογράφησης | Ελληνικά, Μοντέρνα (1453-) |
| 100 ## - MAIN ENTRY--PERSONAL NAME | |
| Personal name | Neumann, Donald A. |
| 9 (RLIN) | 10210 |
| 245 10 - ΤΙΤΛΟΣ ΚΑΙ ΔΗΛΩΣΗ ΥΠΕΥΘΥΝΟΤΗΤΑΣ | |
| Τίτλος | Kinesiology of the musculoskeletal system/ |
| Statement of responsibility, etc. | Donald A. Neumann ; primary artwork by Elisabeth Roen Kelly. |
| 250 ## - EDITION STATEMENT | |
| Edition statement | 4th edition. |
| 264 #1 - PRODUCTION, PUBLICATION, DISTRIBUTION, MANUFACTURE, AND COPYRIGHT NOTICE | |
| Place of production, publication, distribution, manufacture | St. Louis, Missouri : |
| Name of producer, publisher, distributor, manufacturer | Elsevier, |
| Date of production, publication, distribution, manufacture, or copyright notice | 2025 |
| 300 ## - PHYSICAL DESCRIPTION | |
| Extent | 780 p. : |
| Other physical details | illustrations (chiefly color) ; |
| Διαστάσεις | 29 cm |
| 504 ## - ΣΗΜΕΙΩΣΗ ΒΙΒΛΙΟΓΡΑΦΙΑΣ κλπ. | |
| Σημείωση βιβλιογραφίας, κλπ. | Includes bibliographical references and index. |
| 520 ## - SUMMARY, ETC. | |
| Summary, etc. | With a focus on the normal and abnormal mechanical interactions between the muscles and joints of the body, Neumann’s Kinesiology of the Musculoskeletal System, 4th Edition provides a foundation for the practice of physical rehabilitation. This comprehensive, research-based core text explores kinesiology as it relates to physical rehabilitation in a clinically relevant and accessible manner. It presents the language of human movement — and acts as a bridge between basic science and clinical management. It helps clinicians effectively address the mechanical-based changes in movement across a person’s lifespan, whether in the context of rehabilitation, recreation, or promotion of health and wellness. Full-color anatomic and kinesiologic illustrations clearly demonstrate the anatomy, functional movement, and biomechanical principles underlying movement and posture. An eBook version, included with print purchase, provides access to all the text, figures, and references, with the ability to search, customize content, make notes and highlights, and have content read aloud. The eBook included with print purchase also features multiple excellent videos of anatomic and kinesiologic principles, answers to study questions from the print book, and additional tables and figures. |
| 650 10 - SUBJECT ADDED ENTRY--TOPICAL TERM | |
| Topical term or geographic name entry element | Physical education and training |
| 9 (RLIN) | 10090 |
| 650 10 - SUBJECT ADDED ENTRY--TOPICAL TERM | |
| Topical term or geographic name entry element | Kinesiology, Applied |
| 9 (RLIN) | 10211 |
| 942 ## - ADDED ENTRY ELEMENTS (KOHA) | |
| Koha item type | Books |
| Τύπος τεκμηρίου | Βιβλιοθήκη | Τρέχουσα τοποθεσία | Barcode | Αριθμός εισαγωγής | Ημερομηνία απόκτησης | Ταξιθετικό σύμβολο | Αριθμός αντιτύπου | Κατάσταση απόσυρσης | Κατάσταση χαμένου | Κατάσταση κατεστραμμένου | Μη δανεισμός | Σύνολο δανεισμών | Ημερομηνία τελευταίας εμφάνισης | Η τιμή ισχύει από |
|---|---|---|---|---|---|---|---|---|---|---|---|---|---|---|
| Books | MC Athens Campus Library | MC Athens Campus Library | 9780000100139 | 8212 | 24/12/2025 | 613.7 NEU | 1 | 24/12/2025 | 24/12/2025 |